000 00720cas a22002295a 4500
001 L369
008 070713d1963 xxkqr p 0 a0eng
022 1 _a0039-6265
035 _a(Sirsi) u98991
041 0 _aeng
110 2 _aCommonwealth Association of Surveying and Land Economy
_92570
245 0 0 _aSurvey Review
260 _aBristol
_bCommonwealth Association of Surveying and Land Economy
_c1963-
362 _a17(127) January 1963-
500 _aSubscription ceased
500 _aLatest issue September 2015
651 4 _aInternational
690 _aENVIRONMENTAL AND LAND CONSULTANCY-GEOMATICS-LAND SURVEYING
780 0 0 _tEmpire Survey Review
_x0267-1034
942 _n0
_2ddc
948 _c25/01/1995
999 _c118611
_d118611